01864cam a22002771i 450000100060000000300080000600500170001400800390003102000150007003500180008503500230010303500190012603500170014504000270016204100080018908200290019724501080022626000430033430000210037750510340039865000410143265000200147365000220149370000340151570000370154912804BD-RjUL20211208235347.0140129t1973 nyu b 000 0 eng a0396066259 a(OCoLC)631912 a(OCoLC)ocm00631912 a(BD-RjUL)12854 a(NNC)2517600 aDLCbengcDLCdBD-RjUL aeng00a301.310973216bPOL 197300aPollution and public policy :ba book of readings /cEdited by David F. Paulsen and Robert B. Denhardt. aNew York :bDodd, Mead & com.,cc1973. a258 p. ;c22 cm.0 aCaldwell, L. K. Biopolitics: science, ethics, and public policy.--Wildavsky, A. B. Aesthetic power or the triumph of the sensitive minority over the vulgar mass.--McElrath, D. C. Public response to environmental problems.--Boguslaw, R. Systems ideas--for whom and for what?--Perloff, H. A framework for dealing with the urban environment.--Kroll, M. Hypotheses and designs for the study of public policies in the United States.--Lieber, H. Public administration and environmental quality.--Air Conservation Commission. Summary of the facts. Sociological aspects.--Hagevik, G. Legislating for air quality management: reducing theory to practice.--Goldner L. Air pollution control in the metropolitan Boston area.--Ripley, R. B. Congress and clean air.--Kneese, A. V. Water pollution--nature, effects, treatment, alternatives to treatment.--Grava, S. Setting of purity standards.--Martin, R. C. Stream pollution: the Buffalo River case.--Jennings, M. K. Legislative politics and water pollution control.--Bibliography (p. 253-258). 0aEnvironmental policyzUnited States. 0aAirxPollution. 0aWaterxPollution.1 aPaulsen, David F.,ecompiler.1 a Denhardt, Robert B.,ecompiler.